Megszakított összetevők a magyarban konstrukciós nyelvtani szempontból

Discontinuoues constituents are notoriously difficult to treat for any generative grammar and especially so in the case of Hungarian, where the word order of sentences depends on the communicative role of the constituents rather then their grammatical role. We argue that construction grammar is high...

Teljes leírás

Elmentve itt :
Bibliográfiai részletek
Szerzők: Kálmán László
Rádai Gábor
Dokumentumtípus: Cikk
Megjelent: 1996
Sorozat:Acta Universitatis Szegediensis : sectio ethnographica et linguistica = néprajz és nyelvtudomány = étnografiâ i azykoznanie = Volkskunde und Sprachwissenschaft 37
Kulcsszavak:Magyar nyelvtan, Magyar nyelv
Tárgyszavak:
Online Access:http://acta.bibl.u-szeged.hu/3784
LEADER 02102nab a2200241 i 4500
001 acta3784
005 20220914102507.0
008 161015s1996 hu o 0|| hun d
022 |a 0586-3716 
040 |a SZTE Egyetemi Kiadványok Repozitórium  |b hun 
041 |a hun 
041 |a eng 
100 1 |a Kálmán László 
245 1 0 |a Megszakított összetevők a magyarban konstrukciós nyelvtani szempontból  |h [elektronikus dokumentum] /  |c  Kálmán László 
260 |c 1996 
300 |a 83-110 
490 0 |a Acta Universitatis Szegediensis : sectio ethnographica et linguistica = néprajz és nyelvtudomány = étnografiâ i azykoznanie = Volkskunde und Sprachwissenschaft  |v 37 
520 3 |a Discontinuoues constituents are notoriously difficult to treat for any generative grammar and especially so in the case of Hungarian, where the word order of sentences depends on the communicative role of the constituents rather then their grammatical role. We argue that construction grammar is highly adequate for the description of these phenomena, since it is exactly the fact that different constructions are realised simultatiously in a Hungarian sentence - such as, e.g., the subject verb, the topic comment, the focus background or the constrastive topic construction - that is responsible for word order. We represent constructions and lexical entries by Attribute Value Structures, which encode both syntactical and semantic information, and the generation of a sentence is driven by the semantic representation, in such a way that all syntatic constraints are satisfied by the sentence. A further claim is that an additional feature needs to be encoded, namely constructions often assign a particular position to an unsprecified constituent marked 'carrier +' the identity of which depends on the verb., i.e. it is specified by the AVS correponding to it. 
650 4 |a Bölcsészettudományok 
650 4 |a Nyelvek és irodalom 
695 |a Magyar nyelvtan, Magyar nyelv 
700 0 1 |a Rádai Gábor  |e aut 
856 4 0 |u http://acta.bibl.u-szeged.hu/3784/1/etno_lingu_037_083-110.pdf  |z Dokumentum-elérés